Alle Charaktere aus Kingdom Come: Deliverance - Statistiken

Allgemein
  • Dieses Quiz wurde 15 mal gespielt
  • Das Durchschnittsergebnis liegt bei 58 aus 345
Antwortstatistiken
Heimatort Charakter % Korrekt
Skalitz Heinrich von Skalitz
100%
Rattay Herr Hans Capon
93%
Rattay Herr Hanusch von Leipa
86%
Skalitz Theresa
71%
Skalitz Matthäus
64%
Rattay Schankmaid der Schenke zum Zerbrochenen Rad
64%
Rattay Wirt der Schenke zum Zerbrochenen Rad
64%
unbekannt Erik
57%
Rattay Hauptmann Bernhard
57%
Talmberg Herr Diwisch von Talmberg
57%
Skalitz Herr Radzig Kobyla
57%
Skalitz Bianca
50%
unbekannt Der Schwarze Peter
50%
Skalitz Fritz
50%
unbekannt Istvan Toth
50%
Skalitz Johanka
50%
Skalitz Martin / Heinrich's Vater
50%
Skalitz Matthias
50%
Sasau Peter Lokota
50%
Ungarn Sigismund von Luxemburg
50%
Sasauer Kloster Baron Sebastian vom Berg
43%
Skalitz Fleischer von Skalitz
43%
Skalitz Händler von Skalitz
43%
Merhojed Johann
43%
Skalitz Kunesch
43%
Neuhof Mark
43%
Sasauer Kloster Martin Vizek
43%
Rattay Müller Peschek
43%
unbekannt Otto von Bergow
43%
Ledetschko Schmied von Ledetschko
43%
Rattay Schmied von Rattay
43%
Samopesch Schmied von Samopesch
43%
Rattay Schwertschmied von Rattay
43%
unbekannt Stefan von Dwortez
43%
Uschitze Uschitzer Schreiber
43%
Sasauer Kloster Abt Peter
36%
Schenke zur Waldwiese Andreas
36%
Sasau Bäcker von Sasau
36%
Uschitze Bäcker von Uschitze
36%
Sasauer Kloster Circator Johann
36%
Sasauer Kloster Fleischer des Sasauer Klosters
36%
Rattay Fleischer von Rattay
36%
Sasau Fleischer von Sasau
36%
Sasau Fleischer von Sasau (Markt)
36%
Uschitze Fleischer von Uschitze
36%
Schenke zur Waldwiese Händler Ernest
36%
Ledetschko Händler von Ledetschko
36%
Samopesch Händler von Samopesch
36%
Sasau Händler von Sasau
36%
Uschitze Händler von Uschitze
36%
Sasau Konrad Hagen
36%
Sasau Mark Lokota
36%
unbekannt Markwart von Aulitz
36%
Sasau Meister Otto
36%
Budiner Mühle Müller von Budin
36%
Rattay Rattayer Schreiber
36%
Neuhof Rotschopf
36%
Rattay Rüstungsschmied von Rattay
36%
Sasau Rüstungsschmied von Sasau
36%
Sasau Sasauer Schreiber
36%
Sasau Schmied von Sasau
36%
Sasau Schwertschmied Fink
36%
Skalitz Skalitzer Händler
36%
Skalitz Bischek
29%
Sasauer Kloster Bruder Nevlas
29%
Skalitz Der Deutsche
29%
Budiner Mühle Gefangener Kumane
29%
Skalitz Heinrich's Mutter
29%
Talmberg Herrin Stephanie von Talmberg
29%
Österreich Johann II von Liechtenstein
29%
Skalitz Kampfmeister Vanyek
29%
Prag Markgraf Jobst von Mähren
29%
Sasauer Kloster Meister Jerome von Schlesien
29%
Sasauer Kloster Müller des Sasauer Klosters
29%
Ledetschko Müller Oliver
29%
Sasau Müller Simon
29%
Sasau Pater Franziskus
29%
Uschitze Pater Godwin
29%
Rattay Rattayer Pfarrer
29%
Rattay Rattayer Schuster
29%
Sasau Sasauer Schuster
29%
unbekannt Wicht
29%
Ledetschko Alois
21%
Ledetschko Alter Thomas
21%
Sasauer Kloster Bruder Nicodemus
21%
Sasauer Kloster Bruder Pförtner
21%
Ledetschko Gerber von Ledetschko
21%
Rattay Gerber von Rattay
21%
Talmberg Hanekin Hase
21%
Talmberg Hauptmann Robard von Talmberg
21%
Rattay Herr Heinrich von Leipa
21%
Uschitze Hinkender Heinz
21%
Skalitz Köter
21%
Sasau Krämer von Sasau
21%
Skalitz Krämer von Skalitz
21%
Samopesch Kräuterfrau von Samopesch
21%
Sasauer Kloster Novize Antonius / Pius
21%
Sasauer Kloster Novize Konstantin
21%
Sasauer Kloster Novize Lukas
21%
Vatikan Papst Urban VI.
21%
Sasau Pater Fabian
21%
unbekannt Pebbles
21%
Sasau Schneider Ambros
21%
Sasau Schuster von Sasau
21%
Dvoretz Stephan von Dvoretz
21%
Skalitz Stephan von Skalitz
21%
Sasau Thomas
21%
Talmberg Thomas von den Bädern
21%
Merhojed Vinzenz von Merhojed
21%
Skalitz Vinzenz von Skalitz
21%
Rattay Vogt von Rattay
21%
Skalitz Vogt von Skalitz
21%
Skalitz Wirt von Skalitz
21%
Sasauer Kloster Zach
21%
Skalitz Adam
14%
Skalitz Alex
14%
Rattay Apotheker Konjasch
14%
Rattay Archibald
14%
Rattay Badinhaberin von Rattay
14%
Sasau Badinhaberin von Sasau
14%
Sasauer Kloster Bruder Elias
14%
Sasauer Kloster Bruder Kellerer / Bruder Cellarius
14%
Skalitz Büttel von Skalitz
14%
Merhojed Elias
14%
Ledetschko Fleischer von Ledetschko
14%
Sasau Florian
14%
Ledetschko Furchtloser Felix
14%
Talmberg Gerber Brada
14%
Sasau Gerber von Sasau
14%
Skalitz Hannes
14%
Kuttenberg Henker Heinz
14%
Talmberg Jägermeister Nickolas
14%
Ronau Jeschek von Ronau
14%
unbekannt Karl
14%
Neuhof Köhler Distel
14%
Talmberg Köhler von Talmberg
14%
unbekannt Komischer Kauz
14%
Eichstätt Konrad Kyeser
14%
Ledetschko Krämer von Ledetschko
14%
Merhojed Krämer von Merhojed
14%
Sasau Krämer von Sasau (Markt)
14%
Uschitze Krämer von Uschitze
14%
Neuhof Kräuterfrau von Neuhof
14%
Ledetschko Ledetschkoer Schneider
14%
Skalitz Maria
14%
Skalitz Maria's Mutter
14%
Frankfurt Menhard von Frankfurt
14%
Rattay Milan
14%
Sasauer Kloster Novize Joachim
14%
Vatikan Papst Benedikt XIII.
14%
Vatikan Papst Bonifaz IX.
14%
Vatikan Papst Klemens VII.
14%
Rowna Pater Simon
14%
Sasauer Kloster Prior des Klosters
14%
Rattay Rathauswächter von Rattay
14%
Rattay Rattayer Schneider
14%
Skalitz Samuel
14%
Rattay Schankmaid der Händlertaverne
14%
Schenke zur Waldwiese Schankmaid der Schenke zur Waldwiese
14%
Ledetschko Schankmaid von Ledetschko
14%
Samopesch Schankmaid von Samopesch
14%
Sasau Schankmaid von Sasau
14%
Sasau Schankmaid von Sasau (Klosterregion)
14%
Talmberg Schankmaid von Talmberg
14%
Uschitze Schankmaid von Uschitze
14%
Skalitz Skalitzer Schneider
14%
Uschitze Stallmeister
14%
Sasauer Kloster Steinmetze des Sasauer Klosters
14%
Ledetschko Stinker
14%
Skalitz Tonda
14%
Sasau Vogt Haschek
14%
Ledetschko Vogt von Ledetschko
14%
Samopesch Vogt von Samopesch
14%
Uschitze Vogt von Uschitze
14%
Sasauer Kloster Wächter Urban
14%
Prag Wenzel IV. von Luxemburg
14%
Rattay Wildhüter Berthold
14%
Ledetschko Wirt von Ledetschko
14%
Samopesch Wirt von Samopesch
14%
Sasau Wirt von Sasau
14%
Sasau Wirt von Sasau (Klosterregion)
14%
Talmberg Wirt von Talmberg
14%
Uschitze Wirt von Uschitze
14%
Ledetschko Adela
7%
Österreich Albert IV. von Habsburg
7%
Schenke zur Waldwiese Alte Dirne
7%
Rattay Ältere Frau
7%
Rattay Alter Ruch
7%
Talmberg Badinhaberin von Talmberg
7%
Skalitz Beran's Frau
7%
Sasauer Kloster Bruder Bibliothekar
7%
Sasauer Kloster Circator Stibor
7%
Neuhof Der alte Smil
7%
Sasauer Kloster Der Schlaflose
7%
Skalitz Die Frau des Deutschen
7%
Ledetschko Drahomira
7%
Rattay Elischka
7%
Sasau Esther
7%
Uschitze Frau Bauer
7%
Talmberg Gerber Brada's Frau
7%
unbekannt Gul Asch
7%
Skalitz Helfer des Köhlers
7%
Rattay Henker Hermann
7%
Rattay Herold
7%
Uschitze Herr Bauer
7%
unbekannt Herr Hagen Zul
7%
Beneschau Inquisitor Jaroslav
7%
Neuhof Jakub
7%
Rattay Jan "der Pfahl"
7%
Talmberg Jan "der Pfeifer"
7%
Skalitz Janek
7%
Skalitz Jaroslav
7%
Talmberg Kämmerer Dietrich
7%
Sasauer Kloster Klostermeier
7%
unbekannt Kochwurst
7%
Rowna Köhler Borya
7%
Talmberg Köhler Bran
7%
Skalitz Köhler Havel
7%
Talmberg Köhler Radan
7%
Rowna Köhler Tonchek
7%
Talmberg Köhlerzwilling
7%
Skalitz Kornelius
7%
Uschitze Kräuterfrau Gertrude
7%
Ledetschko Kräuterfrau Kunhuta
7%
Rattay Ladenwache des Rattayer Schwertschmieds
7%
Ledetschko Ledetschkoer Spieler
7%
Sasauer Kloster Leschek
7%
Skalitz Löckchen
7%
Sasau Lokota
7%
Talmberg Martha
7%
Uschitze Matsch
7%
Merhojed Meisterbogenschütze von Merhojed
7%
Rattay Meisterbogenschütze von Rattay
7%
Uschitze Meisterbogenschütze von Uschitze
7%
Rattay Meister Tobias Feyfar
7%
Janovitz Michael von Janovitz
7%
Sasau Mikesch
7%
Sasau Mikesch's Frau
7%
unbekannt Morcock
7%
Budiner Mühle Müllersgehilfe der Budiner Mühle
7%
Rattay Nachtigall
7%
Skalitz Philipp von Skalitz
7%
Skalitz Pickel
7%
Sasauer Kloster Prokop
7%
Skalitz Rapota
7%
Rattay Richard
7%
Uschitze Ruch
7%
Sasau Sasauer Spieler
7%
Sasau Sasauer Spieler (Klosterregion)
7%
Sasau Scharlatan
7%
Talmberg Schwarzer Lukesch
7%
Skalitz Skalitzer Spieler
7%
Uschitze Stallbursche Willibald
7%
Uschitze Stampf
7%
Talmberg Thaddäus von Talmberg
7%
Merhojed (Windmühle) Timmy
7%
unbekannt Udo
7%
Passau Ulrich von Passau
7%
unbekannt Vikar
7%
Talmberg Votava
7%
unbekannt Wächter des Vikars
7%
Rattay Wächter Kolmann
7%
Talmberg Wächter Radim
7%
Talmberg Wortführer der Köhler
7%
Pribyslawitz Agatha
0%
Rowna Agnes
0%
Skalitz Antonia
0%
Rattay Antonia's Mann
0%
Merhojed Antonius
0%
Ledetschko Bäcker von Ledetschko
0%
Sasauer Kloster Baumeister Karel
0%
Merhojed Bedrischka
0%
Wlaschim Benesch von Wlaschim
0%
Skalitz Beran
0%
Skalitz Bettlerin Jana
0%
Talmberg Betty
0%
Talmberg Bozhena
0%
unbekannt Clemens von Kaplitz
0%
Prag Erzbischof Zbignev
0%
Skalitz Felsen
0%
Rattay Frau des Rattayer Schusters
0%
Sasau Guta
0%
unbekannt Havel Medek von Waldeck
0%
unbekannt Heinrich III. von Rosenberg
0%
Sasauer Kloster Helfer des Klostermeiers
0%
Ledetschko Henslin
0%
Ledetschko Himbeere
0%
Sasauer Kloster hl. Prokop
0%
Sasauer Kloster Jarek
0%
Rattay Jira
0%
unbekannt Karl's Vater
0%
Rattay Karolina
0%
Sasau Katra
0%
Rattay Klara
0%
Rattay Kolda vom Turme
0%
Sasau Kozliek
0%
Uschitze Krista
0%
unbekannt Laszlo "der Ungar"
0%
Sasau Ledermann
0%
Uschitze Lumir
0%
unbekannt Manfred
0%
Talmberg Margit
0%
Samopesch Marianna
0%
Skalitz Maria's Vater
0%
Skalitz Maruna
0%
Rowna Menhart
0%
Schenke zur Waldwiese Milomir
0%
Merhojed (Windmühle) Mirka
0%
Rattay Mischek
0%
unbekannt Mladota von Oleschna
0%
Ledetschko Müllerstochter Jana
0%
unbekannt Olbram "der Speerber"
0%
Talmberg Oldik Freyer
0%
Talmberg Olena
0%
Uschitze Pater Godwins' Konkubine
0%
unbekannt Pavel "der Rehbock"
0%
Skalitz Pipek
0%
Prag Prokop von Luxemburg
0%
Pribyslawitz Radan
0%
Sasau Rätsler
0%
unbekannt Ravuk Lam
0%
Rattay Ruda
0%
Talmberg Rupert
0%
Sasau Sasauer Totengräber
0%
Sasauer Kloster Semek
0%
Rattay Sidonia
0%
Pardubitz Smil Flaschka von Pardubitz
0%
Sasauer Kloster Steinhauer
0%
Skalitz Susanna
0%
Samopesch Svatopluk
0%
Rattay | Sasau Tagelöhner
0%
Sasau Vagrant
0%
Ledetschko Vatzek
0%
Uschitze Vera
0%
Sasauer Kloster Vitus
0%
unbekannt Wahrsagerin
0%
Rattay Zdenyek
0%
Uschitze Zlata
0%
Sasauer Kloster Zmola
0%
Keine übereinstimmenden Quizze gefunden
Verteilung der Resultate
Anzahl Personen mit jedem Resultat
Perzentil nach korrekt beantworteten Fragen
Ihre Resultats-Entwicklung
Sie haben dieses Quiz noch nicht gespielt